Disputationes quodlibetales XIX. sloboda a vôľa ako antropologický problém
| Corporate Authors: | , |
|---|---|
| Other Authors: | , |
| Format: | Conference Proceeding Software eBook |
| Language: | Slovak English French |
| PhysicalDescription: | 1 elektronický optický disk (CD-ROM) 12 cm |
| Published: |
Prešov
Prešovská univerzita, Gréckokatolícka teologická fakulta
2016
|
| ISBN: | 9788055515939 |
| Subjects: |
MARC
| LEADER | 00000nam a2200000 a 4500 | ||
|---|---|---|---|
| 001 | vtls011599483 | ||
| 003 | SK-MaSNL | ||
| 005 | 20260301181131.0 | ||
| 007 | co bg auuua | ||
| 008 | 180124s2016 xo fs 100 0 slo | ||
| 015 | |a SNBS2017 | ||
| 020 | |a 9788055515939 |q (elektronická kniha) | ||
| 040 | |a SNK |b slo |c SNK |e AACR2 | ||
| 041 | 0 | |a slo |a eng |a fre |b eng | |
| 044 | |a xo |c SK | ||
| 072 | 7 | |a 2-1 |x Prirodzená teológia. Náboženská filozofia |2 konspekt | |
| 072 | 7 | |a 122/129 |x Špeciálna metafyzika |2 konspekt | |
| 080 | |a 2:1 |2 2011 | ||
| 080 | |a 123.1 |2 2011 | ||
| 080 | |a 159.947 |2 2011 | ||
| 080 | |a 39+572 |2 2011 | ||
| 080 | |a (0.034.44) |2 2011 | ||
| 080 | |a (062.534) |2 2011 | ||
| 111 | 2 | |a Disputationes quodlibetales |n (19. : |d 2015 : |c Prešov, Slovensko) |9 553294 | |
| 245 | 1 | 0 | |a Disputationes quodlibetales XIX. |h elektronický zdroj |b sloboda a vôľa ako antropologický problém |c Pavol Dancák - Radovan Šoltés (eds.) |
| 246 | 3 | 3 | |a Sloboda a vôľa ako antropologický problém |
| 260 | |a Prešov |b Prešovská univerzita, Gréckokatolícka teologická fakulta |c 2016 | ||
| 300 | |a 1 elektronický optický disk (CD-ROM) |c 12 cm | ||
| 500 | |a Názov z titulnej obrazovky | ||
| 500 | |a Na obálke: Katedra filozofie a religionistiky | ||
| 504 | |a Bibliogr. odkazy | ||
| 516 | |a Textový dokument (zborník), súbory vo formáte pdf | ||
| 538 | |a Technické požiadavky: PDF prehliadač | ||
| 546 | |a Text čiast. v angl., franc. ; res. v angl. | ||
| 650 | 0 | 7 | |a filozofia a náboženstvo |2 SNKPH |9 63362 |
| 650 | 0 | 7 | |a sloboda |2 SNKPH |9 2170 |
| 650 | 0 | 7 | |a vôľa |2 SNKPH |9 19968 |
| 650 | 0 | 7 | |a antropológia |2 SNKPH |9 717 |
| 650 | 0 | 7 | |a Philosophy and religion |2 SNKPHeng |9 314550 |
| 650 | 0 | 7 | |a Liberty |2 SNKPHeng |9 326758 |
| 650 | 0 | 7 | |a Will |2 SNKPHeng |9 316673 |
| 650 | 0 | 7 | |a Anthropology |2 SNKPHeng |9 266558 |
| 655 | 7 | |a elektronické zdroje |2 SNKPH |9 90954 | |
| 655 | 7 | |a CD-ROM |2 SNKPH |9 70236 | |
| 655 | 7 | |a zborníky konferencií |2 SNKPH |9 70153 | |
| 655 | 7 | |a Electronic resources |2 SNKPHeng |9 175546 | |
| 655 | 7 | |a Proceedings of conferences |2 SNKPHeng |9 265791 | |
| 700 | 1 | |a Dancák, Pavol |4 edt |9 26045 | |
| 700 | 1 | |a Šoltés, Radovan, |d 1975- |4 edt |9 178504 | |
| 710 | 2 | |a Prešovská univerzita v Prešove. |b Gréckokatolícka teologická fakulta. |b Katedra filozofie a religionistiky |9 177943 | |
| 919 | |a 978-80-555-1593-9 | ||
| 958 | |a NB | ||
| 958 | |a NT | ||
| 999 | |c 848874 |d 850804 | ||
| 952 | |a SNK |b SNK |y PREZ |7 0 |p 17A1250131 |o snkSCDM 8956 |i snk2016/28700 |8 0 |0 0 |1 0 |4 0 |d 2016-12-13 |l 0 |r 2026-02-24 04:34:43 |w 2026-02-24 | ||
| 952 | |t snkDIS 14:2 |a SNKMST |b SNKMST |y PREZ |7 0 |p 17A1250130 |o snkSCDM 8956 D1 |i snk2016/28701 |8 0 |0 0 |1 0 |4 0 |d 2016-12-13 |l 0 |r 2025-08-12 00:00:00 |w 2026-02-24 | ||


